| 000 | 00443nam a2200181Ia 4500 | ||
|---|---|---|---|
| 003 | LK-CoDNM | ||
| 008 | 010623t1986 xxu||||| |||| 00| 1 sin d | ||
| 040 |
_aLK-CoDNM _dLK-CoDNM _eLK-CoDNM |
||
| 041 | _asin | ||
| 080 | _a343(2) | ||
| 100 | _aSarathlalkumara,W.A | ||
| 245 | _aඅපරාධ නීතිය | ||
| 246 | _aAparada Neethiya | ||
| 260 |
_bSarath Lal Kumara _c1986 |
||
| 300 | _bp.80, 21 cm | ||
| 650 | _aLaw | ||
| 942 | _cBK | ||
| 999 |
_c113230 _d113230 |
||